Colleges of PGA Tour Players - Statistics

General Stats
  • This quiz has been taken 156 times
  • The average score is 14 of 50
Answer Stats
Hint Answer % Correct
Tiger Woods Stanford
91%
Scottie Scheffler Texas
84%
Justin Thomas Alabama
68%
Jordan Spieth Texas
66%
Ludvig Åberg Texas Tech
57%
Bryson DeChambeau SMU
55%
Max Homa California
52%
Jon Rahm Arizona State
50%
Collin Morikawa California
48%
Phil Mickelson Arizona State
46%
Rickie Fowler Oklahoma State
44%
Matthew Wolff Oklahoma State
41%
Sepp Straka Georgia
39%
Jack Nicklaus Ohio State
39%
Sahith Theegala Pepperdine
37%
Wyndham Clark Oregon
35%
Brooks Koepka Florida State
34%
Patrick Reed Augusta State
33%
Brian Harman Georgia
32%
Xander Schauffele San Diego State
31%
Billy Horschel Florida
29%
Bubba Watson Georgia
29%
Russell Henley Georgia
29%
Dustin Johnson Coastal Carolina
27%
Sam Burns LSU
26%
Maverick McNealy Stanford
23%
Matt Fitzpatrick Northwestern
21%
Patrick Cantlay UCLA
21%
Keegan Bradley St. John's
20%
Arnold Palmer Wake Forest
20%
Payne Stewart SMU
18%
Matt Kuchar Georgia Tech
17%
Beau Hossler Texas
17%
Ben Crenshaw Texas
15%
Luke Donald Northwestern
13%
Jason Dufner Auburn
12%
Thomas Detry Illinois
12%
Patrick Rodgers Stanford
12%
Webb Simpson Wake Forest
11%
Davis Love III North Carolina
9%
Justin Leonard Texas
9%
Bill Haas Wake Forest
9%
Jay Haas Wake Forest
9%
Zach Johnson Drake
7%
Stewart Cink Georgia Tech
6%
David Duval Georgia Tech
5%
Tom Watson Stanford
5%
Colin Montgomerie Houston Baptist
4%
Steve Elkington Houston
2%
Graeme McDowell UAB
2%
No matching quizzes found
Score Distribution
Percent of People with Each Score
Percentile by Number Answered
Your Score History
You have not taken this quiz